000
00363nam a22001577a 4500
003
MPLRDC
005
20220104114227.0
008
210129b ||||| |||| 00| 0 eng d
082
_a
857.49 CXQ v.1 c.2
100
_a
曹雪芹
245
_a
红楼梦. 上集
_c
260
_a
_b
新生出版社
_c
300
_b
平
650
_a
942
_c
BK
_o
857.49 CXQ v.1 c.2
999
_c
5826
_d
5816